Stežkoju kiig

Bibliographic Details
Main Author: Šmajda, Michal, 1920-2017 (Author)
Format: Article
Language:Ukrainian

MARC

LEADER 00000nab a2200000 a 4500
001 vtls010808186
003 SK-MaSNL
005 20260303140231.0
008 230218s1964 xo |||||||||||||||||ukr|
035 |a (urnnbn)urn:nbn:sk:snk:ar-005zj0 
035 |a (uuid)d061316f-47e0-4fb2-9b69-95abd091f1da 
035 |a urn:nbn:sk:snk-ab37aj 
040 |a SNKBUCL  |b slo  |c SNKBUCL  |e AACR2 
041 0 |a ukr 
044 |a xo  |c SK 
100 1 |a Šmajda, Michal,  |d 1920-2017  |4 aut  |9 172708 
245 1 0 |a Stežkoju kiig  |c Michajlo Šmajda 
773 0 |t Duklja : literaturno-chudožnij ta hromads'ko-polityčnyj al'manach  |g Roč. 12, č. 4 (1964), s. 112 
958 |a OND 
958 |a EUIPO 
958 |a article2 
999 |c 1970607  |d 1972537